Koti chennayya janapadiya (Record no. 241448)

MARC details
000 -LEADER
fixed length control field 00411nam a22001697a 4500
003 - CONTROL NUMBER IDENTIFIER
control field OSt
005 - DATE AND TIME OF LATEST TRANSACTION
control field 20260519151050.0
008 - FIXED-LENGTH DATA ELEMENTS--GENERAL INFORMATION
fixed length control field 260519b |||||||| |||| 00| 0 eng d
040 ## - CATALOGING SOURCE
Transcribing agency AL
082 ## - DEWEY DECIMAL CLASSIFICATION NUMBER
Classification number 494.50 VAMK
100 ## - MAIN ENTRY--PERSONAL NAME
Personal name Dr.Vamana nandavara
9 (RLIN) 264134
245 ## - TITLE STATEMENT
Title Koti chennayya janapadiya
260 ## - PUBLICATION, DISTRIBUTION, ETC.
Place of publication, distribution, etc. Mangalore
Name of publisher, distributor, etc. Hemantu prakashana
Date of publication, distribution, etc. 2001
300 ## - PHYSICAL DESCRIPTION
Extent 420 p
650 ## - SUBJECT ADDED ENTRY--TOPICAL TERM
Source of heading or term Kannada
942 ## - ADDED ENTRY ELEMENTS (KOHA)
Source of classification or shelving scheme Dewey Decimal Classification
Koha item type School of Education
Holdings
Withdrawn status Lost status Source of classification or shelving scheme Damaged status Not for loan Home library Current library Date acquired Total Checkouts Full call number Barcode Date last seen Price effective from Koha item type
    Dewey Decimal Classification     St Aloysius Library St Aloysius Library 05/19/2026   494.50 VAMK BED05655 05/19/2026 05/19/2026 Book